000 00735nam a22002412i 4500
001 25115
003 BD-RjUL
005 20211209050831.0
008 140316t1974 ii af 001 0 eng d
020 _a0210270438
035 _a(BD-RjUL)25184
040 _aTXA
_cTXA
_dOCL
_dEQO
_dBD-RjUL
_beng
041 _aeng
082 0 4 _a954
_bGHG 1974
100 1 _aGhosh, Tapan,
_d1928-
_977280
245 1 4 _aThe Gandhi murder trial /
_cTapan Ghosh
260 _aBombay ;
_aNew York :
_bAsia Publishing House,
_cc1974.
300 _aviii, 336 p., [2] leaves of plates :
_bill. ;
_c22 cm
504 _aIncludes index
600 1 0 _aGodse, Nathuram Vinayak,
_d1912-1949
_977283
600 1 0 _aGandhi,
_cMahatma,
_d1869-1948.
_977284
942 _2ddc
_cBK
999 _c25115
_d25115